[Event "American Continental Blitz 18th"]
[Site "Medellin"]
[Date "2024.05.29"]
[Round "2"]
[White "Henao, Bernardo Andres"]
[Black "Gutierrez Pinzon, Sebastian"]
[Result "0-1"]
[WhiteElo "2064"]
[BlackElo "1804"]
[PlyCount "40"]
[EventDate "2024.05.29"]
[EventType "swiss (blitz)"]
[EventRounds "9"]
[EventCountry "COL"]
[SourceTitle "CBM 220 Extra"]
[Source "ChessBase"]
[SourceDate "2024.07.31"]
[SourceVersion "1"]
[SourceVersionDate "2024.07.31"]
[SourceQuality "1"]

1. d4 g6 2. c4 Bg7 3. Nc3 d6 4. e4 Nd7 5. Nf3 e5 6. Be3 a5 7. Qd2 b6 8. Bd3 Bb7 9. 0-0 exd4 10. Nxd4 Ne5 11. h3 Nxd3 12. Qxd3 Ne7 13. f4 Qd7 14. f5 gxf5 15. exf5 Be5 16. f6 Rg8 17. Rf2 Qxh3 18. Ne4 Bxd4 19. Qxd4 Nf5 20. Rxf5 Qxg2# 0-1

[Event "American Continental 18th"]
[Site "Medellin"]
[Date "2024.05.27"]
[Round "5"]
[White "Lopez Rayo, Isabella"]
[Black "Gutierrez Pinzon, Sebastian"]
[Result "0-1"]
[WhiteElo "1980"]
[BlackElo "1804"]
[PlyCount "64"]
[EventDate "2024.05.24"]
[EventType "swiss"]
[EventRounds "11"]
[EventCountry "COL"]
[SourceTitle "CBM 220 Extra"]
[Source "ChessBase"]
[SourceDate "2024.07.31"]
[SourceVersion "1"]
[SourceVersionDate "2024.07.31"]
[SourceQuality "1"]

1. e4 c5 2. Nf3 Nc6 3. d4 cxd4 4. Nxd4 e5 5. Nb5 d6 6. c4 Nf6 7. N1c3 a6 8. Na3 Be6 9. Bg5 Be7 10. Bxf6 Bxf6 11. Nc2 g6 12. Be2 Bg7 13. Nd5 0-0 14. 0-0 Qg5 15. Kh1 Rad8 16. Qc1 Qh4 17. Bf3 f5 18. g3 Qh3 19. Bg2 Qh5 20. Qd1 Qg5 21. Qc1 f4 22. Qd2 Qh5 23. gxf4 exf4 24. f3 Be5 25. Rf2 Kh8 26. Raf1 g5 27. b4 Rd7 28. b5 Nd8 29. Nd4 Rg7 30. Qd1 Rg6 31. Nxe6 Nxe6 32. h4 Qxh4+ 0-1

[Event "COL-ch U18"]
[Site "Ibague"]
[Date "2024.03.15"]
[Round "3"]
[White "Gutierrez Pinzon, Sebastian"]
[Black "Sierra Isaza, Jose Eduardo"]
[Result "1-0"]
[WhiteElo "1763"]
[BlackElo "1416"]
[PlyCount "43"]
[EventDate "2024.03.14"]
[EventType "swiss"]
[EventRounds "7"]
[EventCountry "COL"]
[SourceTitle "CBM 219 Extra"]
[Source "ChessBase"]
[SourceDate "2024.05.31"]
[SourceVersion "1"]
[SourceVersionDate "2024.05.31"]
[SourceQuality "1"]

1. d4 Nf6 2. c4 g6 3. g3 Bg7 4. Bg2 d5 5. cxd5 Nxd5 6. e4 Nb6 7. Ne2 0-0 8. Nbc3 e5 9. d5 c6 10. 0-0 Re8 11. b3 cxd5 12. Nxd5 Nxd5 13. exd5 e4 14. Rb1 Bf5 15. Nf4 e3 16. Rb2 Bxb2 17. Bxb2 exf2+ 18. Rxf2 Qa5 19. Qd4 Re1+ 20. Bf1 Rxf1+ 21. Kxf1 Kf8 22. Re2 1-0

[Event "Rivera Hernandez Memorial-B"]
[Site "Rivera Huila"]
[Date "2023.07.23"]
[Round "7"]
[White "Velez Alvarez, Laura Camila"]
[Black "Gutierrez Pinzon, Sebastian"]
[Result "0-1"]
[WhiteElo "1796"]
[BlackElo "1463"]
[PlyCount "104"]
[EventDate "2023.07.20"]
[EventType "swiss"]
[EventRounds "7"]
[EventCountry "COL"]
[SourceTitle "CBM 215 Extra"]
[Source "ChessBase"]
[SourceDate "2023.09.30"]
[SourceVersion "1"]
[SourceVersionDate "2023.09.30"]
[SourceQuality "1"]

1. e4 c5 2. Nf3 e6 3. d4 cxd4 4. Nxd4 Nf6 5. Nc3 a6 6. Be2 d6 7. 0-0 Be7 8. Kh1 b5 9. a3 Bb7 10. f3 h5 11. Be3 Nc6 12. Nxc6 Bxc6 13. Qd2 h4 14. Na2 Nh5 15. Rfd1 Bb7 16. c4 bxc4 17. Bxc4 0-0 18. Nc3 Nf6 19. b4 Rc8 20. Bb3 h3 21. g3 Nd7 22. Ne2 Ne5 23. Nd4 d5 24. f4 Ng4 25. e5 Qb6 26. Kg1 Nxe3 27. Qxe3 Rc7 28. Rac1 Rfc8 29. Rxc7 Rxc7 30. Qd3 a5 31. Bc2 g6 32. b5 Rc4 33. Kf1 Bc5 34. Nf3 Bxa3 35. Ng5 Bb4 36. Nxf7 Rxc2 37. Qxg6+ Kf8 38. Qxc2 Qxb5+ 39. Kf2 Qc5+ 40. Qxc5+ Bxc5+ 41. Kf3 Kxf7 42. Kg4 d4 43. f5 Be4 44. f6 d3 45. Kf4 Bg6 46. g4 a4 47. Kf3 Bd4 48. Rb1 Bxe5 49. g5 d2 50. Rb7+ Kf8 51. Ke2 Bf4 52. Ra7 Bh5+ 0-1